000 00782cam a2200265 a 4500
001 8079
005 20240112132117.0
008 160610|2007 xo g 000 f slo
020 _a9788089199600
_q(viaz.)
040 _aHEVK
_bslo
_cHEVK
_dSNK
_eAACR2
041 0 _aslo
044 _axo
_cSK
072 7 _a821.162.4-3
_xSlovenská próza
_2konspekt
080 _a821.162.4-31
_22001
100 1 _aAdamová, Anna
245 1 0 _aNa lásku sa nezomiera. Len to občas bolí. Kurevsky.
_cAnna Adamová
246 3 0 _aLen to občas bolí
246 3 0 _aKurevsky
250 _a1. vyd.
260 _aBratislava
_bMotýľ
_c2007
300 _a221 s.
_c21 cm
655 0 7 _aslovenské romány
_2SNKPH
655 0 7 _aumelecká literatúra
_2SNKPH
999 _c8079
_d8079